| 000 | 01423nam a2200241 a 4500 | ||
|---|---|---|---|
| 003 | DO-SdBNP | ||
| 005 | 20220321125102.0 | ||
| 007 | ta | ||
| 008 | 210709e2018 dr ||||er|||| 001 p spa d | ||
| 020 | _a9789945609561 | ||
| 040 |
_aDO-SdBNP _bspa _cBNPHU |
||
| 082 | 4 |
_bB957B _222 |
|
| 100 | 1 |
_aBeltrán Álvarez, Miguel Ángel _d1944 - _979176 |
|
| 245 | 1 |
_aJulia.40 / _cMiguel Ángel Beltrán Álvarez. |
|
| 260 |
_aSanto Domingo : _bSantuario, _c2018 |
||
| 300 |
_a[47] p. ; _c23 cm. |
||
| 500 | _aIncluye biografía del autor en la solapa de la cubierta. | ||
| 505 | 0 | 0 |
_tPrólogo.-- _tCaminando en ti.-- _tCaricias y esperas.-- _tCon Julia de Burgos.-- _tDesborde.-- _tDespedida.-- _tEl río y tú.-- _tEncargo en Madison.-- _tInfieles.-- _tJulia punto Cuarenta.-- _tMadison 104.-- _tMi espíritu y tu nada.-- _tMiércoles once.-- _tPartida.-- _tRosario o el encuentro.-- _tRumor humano.-- _tSilencio abierto.-- _tUltraje.-- _tCanto de sombras.-- _tEco del recuerdo.-- _tJulia: Ángel de libertad.-- _tJulia de Burgos (aniversario).-- _tJula de Burgos: Aura _tJulia: luz en la penumbra.-- _tPara Julia de Burgos.-- _tPolvareda de tu ruta.-- _tPor siempre la intocable palabra.-- _tSombra profética de ensueño.-- _tTransmutación del recuerdo.-- _tTu voz en mi alma.-- _tVoz que surge del silencio y del espacio. |
| 590 | _aInventariado 2021/MF | ||
| 600 | 4 |
_98825 _aBurgos, Julia de _d1914-1953 _xpoemas |
|
| 910 | _aMFeliz | ||
| 942 |
_2ddc _cLBS1 |
||
| 999 |
_c50085 _d50085 |
||